000 00559nam a2200205Ia 4500
005 20250923145337.0
008 008 250917s9999 xx 000 0 eng d
037 _aTextual
040 _aDSWL
_beng
_cDSWL
041 _aeng
_2eng
084 _az
_qDSWL
245 0 _aDraft fifth five year plan 1974-79
_c by Planning Commission, India
260 _aNew Delhi
_b The Controller of Publication
_c1973
300 _avi,116p.
365 _aINR
_b3 . 0
490 _vVol. I
925 _g3 . 0
942 _cTEXL
_hz
999 _c1450234
_d1450234